| 000 | 00348nam a2200145Ia 4500 | ||
|---|---|---|---|
| 003 | OSt | ||
| 005 | 20240311122349.0 | ||
| 008 | 170524s9999 xx 000 0 und d | ||
| 020 | _a0201845202 | ||
| 040 | _cIIMT UNIVERSITY | ||
| 100 | _aKALAKOTA- R | ||
| 245 | 0 | _aFRONTIERS OF ELECTRONIC COMMERCE | |
| 260 | _bJOHN WILEY: SINGAPUR | ||
| 942 |
_2ddc _c02 |
||
| 999 |
_c8059 _d8059 |
||